<?xml version="1.0" encoding="UTF-8"?>
<record
    xmlns:xsi="http://www.w3.org/2001/XMLSchema-instance"
    xsi:schemaLocation="http://www.loc.gov/MARC21/slim http://www.loc.gov/standards/marcxml/schema/MARC21slim.xsd"
    xmlns="http://www.loc.gov/MARC21/slim">

  <leader>00753nam a22001937a 4500</leader>
  <controlfield tag="005">20240903113255.0</controlfield>
  <datafield tag="010" ind1=" " ind2=" ">
    <subfield code="a">HIN-128330</subfield>
  </datafield>
  <datafield tag="020" ind1=" " ind2=" ">
    <subfield code="c">495.00</subfield>
    <subfield code="a">9789391913175</subfield>
  </datafield>
  <datafield tag="035" ind1=" " ind2=" ">
    <subfield code="a">HN-100676</subfield>
  </datafield>
  <datafield tag="037" ind1=" " ind2=" ">
    <subfield code="b">DBAD</subfield>
  </datafield>
  <datafield tag="082" ind1=" " ind2=" ">
    <subfield code="a">820.8</subfield>
  </datafield>
  <datafield tag="100" ind1=" " ind2=" ">
    <subfield code="a">&#x935;&#x930;&#x94D;&#x92E;&#x93E;, &#x930;&#x93E;&#x91C;&#x917;&#x94B;&#x92A;&#x93E;&#x932; &#x938;&#x93F;&#x902;&#x939; </subfield>
    <subfield code="9">70865</subfield>
  </datafield>
  <datafield tag="245" ind1=" " ind2=" ">
    <subfield code="a">&#x917;&#x94B;&#x930;&#x94B; &#x915;&#x93E; &#x926;&#x941;&#x938;&#x94D;&#x938;&#x93E;&#x939;&#x938;/</subfield>
    <subfield code="c">&#x930;&#x93E;&#x91C;&#x917;&#x94B;&#x92A;&#x93E;&#x932; &#x938;&#x93F;&#x902;&#x939; &#x935;&#x930;&#x94D;&#x92E;&#x93E; </subfield>
  </datafield>
  <datafield tag="250" ind1=" " ind2=" ">
    <subfield code="a">&#x92A;&#x94D;&#x930;&#x925;&#x92E;</subfield>
  </datafield>
  <datafield tag="260" ind1=" " ind2=" ">
    <subfield code="a">&#x915;&#x93E;&#x928;&#x92A;&#x941;&#x930; </subfield>
    <subfield code="b">&#x905;&#x92E;&#x928; &#x92A;&#x94D;&#x930;&#x915;&#x93E;&#x936;&#x928; </subfield>
    <subfield code="c">2021</subfield>
  </datafield>
  <datafield tag="270" ind1=" " ind2=" ">
    <subfield code="a">104-A/80C &#x930;&#x93E;&#x92E;&#x92C;&#x93E;&#x917;</subfield>
    <subfield code="b">&#x915;&#x93E;&#x928;&#x92A;&#x941;&#x930;</subfield>
    <subfield code="e">208012</subfield>
    <subfield code="k">0512-3590496</subfield>
  </datafield>
  <datafield tag="300" ind1=" " ind2=" ">
    <subfield code="a">200&#x92A;&#x943;.</subfield>
    <subfield code="c">22 &#x938;&#x947;&#x92E;&#x940;. (&#x938;&#x91C;&#x93F;&#x932;&#x94D;&#x926;)</subfield>
  </datafield>
  <datafield tag="942" ind1=" " ind2=" ">
    <subfield code="2">ddc</subfield>
    <subfield code="c">HN</subfield>
    <subfield code="h">820.8</subfield>
    <subfield code="m">&#x935;&#x930;&#x94D;&#x92E;&#x93E;&#x930;&#x93E;</subfield>
  </datafield>
  <datafield tag="999" ind1=" " ind2=" ">
    <subfield code="c">205478</subfield>
    <subfield code="d">205478</subfield>
  </datafield>
  <datafield tag="952" ind1=" " ind2=" ">
    <subfield code="0">0</subfield>
    <subfield code="1">0</subfield>
    <subfield code="4">0</subfield>
    <subfield code="7">0</subfield>
    <subfield code="8">NFIC</subfield>
    <subfield code="a">BL4</subfield>
    <subfield code="b">BL4</subfield>
    <subfield code="d">2024-09-03</subfield>
    <subfield code="e">DBAD</subfield>
    <subfield code="g">495.00</subfield>
    <subfield code="l">0</subfield>
    <subfield code="o">820.8 &#x935;&#x930;&#x94D;&#x92E;&#x93E;&#x930;&#x93E;</subfield>
    <subfield code="p">HN-100676</subfield>
    <subfield code="r">2024-09-03 00:00:00</subfield>
    <subfield code="t">1</subfield>
    <subfield code="v">495.00</subfield>
    <subfield code="w">2024-09-03</subfield>
    <subfield code="y">HN</subfield>
  </datafield>
</record>
